[Event "AUTO-ELITE-2569"]
[Site "http://www.queenalice.com/game.php?id=1852347"]
[Date "2025.2.17"]
[Round "1"]
[White "CHECKMATE88"]
[Black "trompmaster"]
[Result "1-0"]
[WhiteElo "2299"]
[BlackElo "2457"]

1. e4 d6 2. d4 Nf6 3. Nc3 Nbd7 4. f4 e5 5. Nf3 exd4 6. Qxd4 c6 7. Be3 d5 8. e5
Ng4 9. Bg1 Bc5 10. Qd2 Bxg1 11. Rxg1 Qb6 12. Na4 Qe3+ 13. Qxe3 Nxe3 14. Bd3 b5
15. Nc3 Nc5 16. Ke2 Nf5 17. Bxf5 Bxf5 18. g4 Bd7 19. b4 Na6 20. a3 h5 21. h3 1-0

[Event "AUTO-ELITE-2569"]
[Site "http://www.queenalice.com/game.php?id=1852348"]
[Date "2025.2.17"]
[Round "1"]
[White "trompmaster"]
[Black "CHECKMATE88"]
[Result "0-1"]
[WhiteElo "2425"]
[BlackElo "2347"]

1. d4 Nf6 2. c4 e6 3. Nc3 d5 4. cxd5 exd5 5. Bg5 Be7 6. e3 O-O 7. Nf3 h6 8. Bh4
c6 9. Bd3 Ne4 10. Bxe7 Qxe7 11. h3 Bf5 12. Ne5 Nd6 13. Bxf5 Nxf5 14. Ne2 Rd8 15.
Qc2 Nd6 16. O-O Nd7 17. Nxd7 Qxd7 18. a4 h5 19. Nf4 h4 20. Nd3 Re8 0-1

[Event "AUTO-ELITE-2570"]
[Site "http://www.queenalice.com/game.php?id=1852408"]
[Date "2025.2.18"]
[Round "1"]
[White "trompmaster"]
[Black "CHECKMATE88"]
[Result "0-1"]
[WhiteElo "2435"]
[BlackElo "2332"]

1. Nf3 d5 2. c4 d4 3. b4 c5 4. Bb2 f6 5. bxc5 e5 6. e3 Nc6 7. exd4 exd4 8. Ba3
g5 9. Bd3 Qe7+ 10. Qe2 g4 11. Ng1 Be6 12. Be4 d3 13. Qxd3 Rd8 14. Bxc6+ bxc6 15.
Qe2 Bxc4 16. Qxe7+ Nxe7 17. Nc3 Bg7 18. Rb1 Ng6 0-1

[Event "AUTO-ELITE-2570"]
[Site "http://www.queenalice.com/game.php?id=1852409"]
[Date "2025.2.18"]
[Round "1"]
[White "CHECKMATE88"]
[Black "trompmaster"]
[Result "1-0"]
[WhiteElo "2316"]
[BlackElo "2446"]

1. e4 d6 2. d4 Nf6 3. Nc3 e5 4. Nf3 exd4 5. Nxd4 Be7 6. Bf4 O-O 7. Qd2 d5 8.
Ndb5 Bb4 9. O-O-O Ba5 10. exd5 a6 11. Nd4 Re8 12. Bg5 h6 13. Bxf6 Qxf6 14. Bc4
Nd7 15. Rhe1 Rd8 16. d6 Qxd6 17. Nf5 Qf6 18. Ne7+ 1-0

[Event "AUTO-ELITE-2570"]
[Site "http://www.queenalice.com/game.php?id=1852412"]
[Date "2025.2.18"]
[Round "1"]
[White "beteljeuxe"]
[Black "CHECKMATE88"]
[Result "1/2-1/2"]
[WhiteElo "2559"]
[BlackElo "2422"]

1. e4 c5 2. Nf3 d6 3. d4 cxd4 4. Nxd4 Nf6 5. Nc3 a6 6. Be3 e5 7. Nb3 Be6 8. f3
h5 9. Qd2 Nbd7 10. Nd5 Bxd5 11. exd5 g6 12. Be2 Bg7 13. O-O b6 14. c4 O-O 15.
Rae1 Re8 16. Kh1 Rc8 17. Qd1 a5 18. Nd2 Nc5 19. Bg5 Qd7 20. Qb1 e4 21. Bxf6 Bxf6
22. Nxe4 Nxe4 23. fxe4 Be5 24. b3 a4 25. b4 b5 26. cxb5 Rc3 27. Bd3 Qa7 28. Rf3
Rec8 29. Qd1 Qd4 30. Ref1 f6 31. b6 Qxb6 32. Qxa4 Qd4 33. Qd1 Qxb4 34. Ba6 Rxf3
35. Rxf3 Ra8 36. Qe2 Qa4 37. Bc4 Rc8 38. Bd3 Ra8 39. g3 Qxa2 40. Qxa2 Rxa2 41.
h3 Kf7 42. Kg1 Bd4+ 1/2-1/2

[Event "AUTO-ELITE-2570"]
[Site "http://www.queenalice.com/game.php?id=1852413"]
[Date "2025.2.18"]
[Round "1"]
[White "CHECKMATE88"]
[Black "beteljeuxe"]
[Result "1/2-1/2"]
[WhiteElo "2411"]
[BlackElo "2549"]

1. e4 e5 2. Nf3 Nc6 3. Bb5 a6 4. Ba4 Nf6 5. O-O Be7 6. Re1 b5 7. Bb3 O-O 8. a4
b4 9. a5 d6 10. d3 Be6 11. Bxe6 fxe6 12. Nbd2 Rb8 13. Nb3 Qc8 14. Be3 Nd8 15. h3
c5 16. Nbd2 Nc6 17. c3 bxc3 18. bxc3 Rb5 19. d4 exd4 20. cxd4 c4 21. Nxc4 Nxe4
22. Nb6 Qe8 23. d5 Nc3 24. Qc2 Nxd5 25. Nxd5 Rxd5 26. Bb6 Bf6 27. Rad1 Ne5 28.
Nd4 Qc8 29. Qxc8 Rxc8 30. Nxe6 Rxd1 31. Rxd1 1/2-1/2

[Event "AUTO-ELITE-2571"]
[Site "http://www.queenalice.com/game.php?id=1852443"]
[Date "2025.2.19"]
[Round "1"]
[White "josekasparov"]
[Black "CHECKMATE88"]
[Result "0-1"]
[WhiteElo "2504"]
[BlackElo "2430"]

1. e4 c5 2. Nf3 d6 3. d4 cxd4 4. Qxd4 Nc6 5. Qe3 g6 6. Nc3 Bh6 7. Qd3 Bxc1 8.
Rxc1 Nf6 9. Be2 Bg4 10. O-O O-O 11. h3 Bxf3 12. Qxf3 Qb6 13. Qd3 Ne5 14. Qb5
Qxb5 15. Bxb5 Rfc8 16. Rfd1 Kf8 17. Rd4 Rc5 18. f4 Nc6 19. Rc4 Rxc4 20. Bxc4 e6
21. Rd1 Ke7 22. Kf2 h5 23. g3 h4 24. g4 g5 25. f5 Rc8 26. Ke3 a6 27. a3 b5 28.
Be2 Ne5 29. Rf1 Nfd7 30. Kd2 Nc5 31. Bd3 Rb8 32. Be2 Ncd7 33. Bd3 Nc5 34. Be2
Rc8 35. Bd3 Rc7 36. Be2 Ncd7 37. Bd3 Rc8 38. Be2 Nc6 39. Bd3 Nc5 40. b4 Nd7 41.
a4 bxa4 42. Bxa6 Rb8 43. b5 Nb4 44. fxe6 fxe6 45. Ra1 Nc5 46. e5 dxe5 47. Nxa4
Ne4+ 48. Kc1 Rf8 49. Kb2 Rf2 50. Kb3 Nxc2 51. Rc1 Nd4+ 52. Ka3 Rf3+ 53. Ka2 Nxb5
54. Bxb5 Rxh3 0-1

[Event "AUTO-ELITE-2571"]
[Site "http://www.queenalice.com/game.php?id=1852444"]
[Date "2025.2.19"]
[Round "1"]
[White "CHECKMATE88"]
[Black "josekasparov"]
[Result "1-0"]
[WhiteElo "2361"]
[BlackElo "2543"]

1. e4 c6 2. d4 d5 3. e5 Bf5 4. Nf3 e6 5. Be2 Nd7 6. O-O Ne7 7. c3 c5 8. dxc5 Nc6
9. b4 a5 10. Nd4 axb4 11. Nxf5 exf5 12. cxb4 Nxb4 13. Nc3 Bxc5 14. Nxd5 O-O 15.
Nxb4 Bxb4 16. Rb1 Be7 17. Rxb7 Nxe5 18. a4 Bf6 19. Qc2 1-0

[Event "AUTO-ELITE-2571"]
[Site "http://www.queenalice.com/game.php?id=1852447"]
[Date "2025.2.19"]
[Round "1"]
[White "beteljeuxe"]
[Black "CHECKMATE88"]
[Result "1/2-1/2"]
[WhiteElo "2556"]
[BlackElo "2425"]

1. e4 c5 2. Nf3 d6 3. d4 cxd4 4. Nxd4 Nf6 5. Nc3 a6 6. Be3 e5 7. Nb3 Be6 8. f3
h5 9. Nd5 Bxd5 10. exd5 Nbd7 11. Qd2 g6 12. Be2 Bg7 13. O-O b6 14. c4 O-O 15.
Rae1 a5 16. Kh1 Nc5 17. Nxc5 bxc5 18. Bd1 Qd7 19. b3 Rfe8 20. h3 Nh7 21. Bc2 Bf6
22. Re2 Bh4 23. g4 hxg4 24. fxg4 Qe7 25. Bf2 Kg7 26. Qe1 Bxf2 27. Qxf2 Ng5 28.
Kg2 Rh8 29. h4 Ne4 30. Rxe4 Rxh4 31. Rg1 a4 32. Kf1 axb3 33. Bxb3 f5 34. Re2
fxg4 35. Qg3 Rf8+ 36. Rf2 Rf4 37. Rxf4 exf4 38. Qxf4 g3 39. Qxg3 Qe4 40. Rg2
Qb1+ 41. Kf2 Qb2+ 42. Ke3 Qd4+ 43. Kf3 Qc3+ 44. Kf2 Qb2+ 1/2-1/2

[Event "AUTO-ELITE-2571"]
[Site "http://www.queenalice.com/game.php?id=1852448"]
[Date "2025.2.19"]
[Round "1"]
[White "CHECKMATE88"]
[Black "beteljeuxe"]
[Result "1/2-1/2"]
[WhiteElo "2439"]
[BlackElo "2553"]

1. e4 e5 2. Nf3 Nc6 3. Bb5 a6 4. Ba4 Nf6 5. O-O Be7 6. Re1 b5 7. Bb3 O-O 8. a4
b4 9. a5 d6 10. d3 Be6 11. Bxe6 fxe6 12. Nbd2 Rb8 13. c3 Rb5 14. d4 bxc3 15.
bxc3 exd4 16. cxd4 Nb4 17. Ba3 Nd3 18. Rf1 c5 19. Qc2 Nb4 20. Bxb4 cxb4 21. Rfc1
Qe8 22. Qb3 d5 23. Re1 Qg6 24. Ne5 Qh6 25. exd5 exd5 26. Qd3 Bd6 27. h3 Qg5 28.
Nef3 Qg6 29. Qxg6 hxg6 30. Re6 Ne4 31. Nxe4 dxe4 32. Rxd6 exf3 33. Rxa6 b3 34.
Rb1 Rfb8 35. g4 b2 36. Kh2 Rd5 37. Kg3 g5 38. Rb6 Rxb6 39. axb6 Rb5 40. Kxf3 Kf7
41. Ke4 Ke6 42. Kd3 Kd5 43. Kc3 Rxb6 44. Rxb2 Rxb2 45. Kxb2 Kxd4 46. Kc2 Ke4 47.
Kd2 Kf3 48. Ke1 1/2-1/2

[Event "AUTO-OPEN-4566"]
[Site "http://www.queenalice.com/game.php?id=1859079"]
[Date "2025.6.23"]
[Round "2"]
[White "chessman"]
[Black "CHECKMATE88"]
[Result "0-1"]
[WhiteElo "2102"]
[BlackElo "2409"]

1. e4 c5 2. Nf3 d6 3. Bb5+ Nd7 4. c4 g6 5. O-O Bg7 6. Nc3 Nf6 7. Re1 O-O 8. d3
Nb6 9. h3 a6 10. Ba4 Nxa4 11. Nxa4 b5 12. cxb5 axb5 13. Nc3 b4 14. Ne2 Nd7 15.
a3 Qb6 16. Ra2 Bb7 17. Bg5 h6 18. Bxe7 Rfe8 19. Bh4 c4 20. dxc4 Rxe4 21. a4 b3
22. Ra1 Rxc4 23. Bg3 Raxa4 24. Rxa4 Rxa4 25. Bxd6 Bxf3 26. gxf3 Bxb2 0-1

[Event "AUTO-OPEN-4566"]
[Site "http://www.queenalice.com/game.php?id=1859080"]
[Date "2025.6.23"]
[Round "2"]
[White "CHECKMATE88"]
[Black "chessman"]
[Result "1-0"]
[WhiteElo "2395"]
[BlackElo "2009"]

1. e4 e6 2. d4 d5 3. Nc3 dxe4 4. Nxe4 Nd7 5. Nf3 Ngf6 6. Nxf6+ Nxf6 7. Be3 Nd5
8. Bd2 Be7 9. Bd3 c5 10. dxc5 Bxc5 11. Qe2 h6 12. Ne5 Bd7 13. Bb5 Nf6 14. O-O-O
1-0

[Event "AUTO-OPEN-4566"]
[Site "http://www.queenalice.com/game.php?id=1859089"]
[Date "2025.6.23"]
[Round "2"]
[White "CHECKMATE88"]
[Black "cerenzo72"]
[Result "1-0"]
[WhiteElo "2403"]
[BlackElo "2086"]

1. e4 e5 2. Nf3 d6 3. d4 exd4 4. Nxd4 g6 5. Nc3 Bg7 6. Be3 Nf6 7. Qd2 b6 8.
O-O-O Bb7 9. Bb5+ c6 10. Bh6 Bxh6 11. Qxh6 cxb5 12. Ndxb5 Ng4 13. Qg7 Rf8 14.
Nxd6+ Ke7 15. Nxb7 Qc7 16. Nd5+ 1-0

[Event "AUTO-OPEN-4566"]
[Site "http://www.queenalice.com/game.php?id=1859090"]
[Date "2025.6.23"]
[Round "2"]
[White "cerenzo72"]
[Black "CHECKMATE88"]
[Result "0-1"]
[WhiteElo "2113"]
[BlackElo "2406"]

1. e4 c5 2. Nf3 d6 3. d4 cxd4 4. Nxd4 Nf6 5. Nc3 a6 6. a4 e5 7. Nb3 Be7 8. Bd2
Nc6 9. g3 O-O 10. Bg2 Bg4 11. Ne2 d5 12. exd5 Nxd5 13. O-O Rc8 14. c3 Qd7 15.
Re1 Rcd8 16. Qc2 Bf5 17. Qc1 Be6 18. Qc2 Qc8 19. Rac1 Rfe8 20. c4 Ndb4 21. Qb1
Bf5 22. Qa1 Nc2 23. Rxc2 Bxc2 24. Qc1 Bxb3 0-1

[Event "AUTO-OPEN-4566"]
[Site "http://www.queenalice.com/game.php?id=1859091"]
[Date "2025.6.23"]
[Round "2"]
[White "CHECKMATE88"]
[Black "silverado"]
[Result "1-0"]
[WhiteElo "2405"]
[BlackElo "1954"]

1. e4 e5 2. Nf3 Nc6 3. Bb5 Qf6 4. Nc3 Nge7 5. O-O a6 6. Ba4 b5 7. Bb3 Bb7 8. Nd5
Nxd5 9. Bxd5 Na5 10. d4 Bxd5 11. exd5 exd4 12. Bg5 Qd6 13. Re1+ Be7 14. Bxe7 1-0

[Event "AUTO-OPEN-4566"]
[Site "http://www.queenalice.com/game.php?id=1859092"]
[Date "2025.6.23"]
[Round "2"]
[White "silverado"]
[Black "CHECKMATE88"]
[Result "0-1"]
[WhiteElo "2024"]
[BlackElo "2408"]

1. d4 Nf6 2. Nf3 d5 3. h3 c5 4. dxc5 e6 5. b4 a5 6. c3 axb4 7. cxb4 Nc6 8. Ba3
Ne4 9. Qb3 Rxa3 10. Nxa3 Bxc5 11. bxc5 Qa5+ 12. Kd1 Nxf2+ 13. Kc2 Qxc5+ 14. Kb2
Nxh1 15. Rc1 Qf2 16. Nb5 O-O 17. Nd6 Bd7 18. Ka1 Ng3 19. Qxb7 Qe3 20. Qb2 Rb8
21. Qc2 Qf4 22. Qc5 Nxf1 23. Rxf1 Qf6+ 24. Nd4 Qxf1+ 0-1

[Event "AUTO-OPEN-4542"]
[Site "http://www.queenalice.com/game.php?id=1859103"]
[Date "2025.6.23"]
[Round "2"]
[White "CHECKMATE88"]
[Black "josebaron"]
[Result "1-0"]
[WhiteElo "2396"]
[BlackElo "2131"]

1. e4 e5 2. Nf3 Nc6 3. Bb5 d6 4. d4 exd4 5. Nxd4 Bd7 6. Nc3 Nxd4 7. Bxd7+ Qxd7
8. Qxd4 Nf6 9. Bg5 Be7 10. O-O-O O-O 11. h4 Ng4 12. f3 Bxg5+ 13. hxg5 Ne5 14.
Qxe5 1-0

[Event "AUTO-OPEN-4542"]
[Site "http://www.queenalice.com/game.php?id=1859104"]
[Date "2025.6.23"]
[Round "2"]
[White "josebaron"]
[Black "CHECKMATE88"]
[Result "0-1"]
[WhiteElo "2127"]
[BlackElo "2400"]

1. e4 c5 2. Nf3 d6 3. Bb5+ Nd7 4. O-O a6 5. Bxd7+ Bxd7 6. Re1 e6 7. d4 cxd4 8.
Qxd4 Nf6 9. Bg5 Be7 10. c3 Qc7 11. e5 dxe5 12. Nxe5 Rd8 13. Nxd7 Rxd7 0-1

[Event "AUTO-OPEN-4542"]
[Site "http://www.queenalice.com/game.php?id=1859105"]
[Date "2025.6.23"]
[Round "2"]
[White "CHECKMATE88"]
[Black "Takeda"]
[Result "1-0"]
[WhiteElo "2418"]
[BlackElo "2055"]

1. e4 g6 2. d4 Bg7 3. c4 d6 4. Nc3 Nf6 5. Be2 O-O 6. Be3 Nbd7 7. Nf3 c5 8. d5 a6
9. O-O b5 10. cxb5 axb5 11. Bxb5 Ba6 12. Bxa6 Rxa6 13. a4 Qb6 14. Qc2 Rb8 15.
Nb5 Ng4 16. Bg5 Ngf6 17. h3 h6 18. Be3 Qb7 19. b3 Nxe4 20. Qxe4 Bxa1 21. Rxa1
Nf6 22. Qh4 h5 23. Re1 Nxd5 24. Qg5 Nxe3 25. Rxe3 Kg7 26. Rxe7 Qc8 27. Nh4 d5
28. Qe5+ Kg8 29. Nc7 1-0

[Event "AUTO-OPEN-4542"]
[Site "http://www.queenalice.com/game.php?id=1859106"]
[Date "2025.6.23"]
[Round "2"]
[White "Takeda"]
[Black "CHECKMATE88"]
[Result "0-1"]
[WhiteElo "2071"]
[BlackElo "2419"]

1. e4 c5 2. Nf3 d6 3. d4 cxd4 4. Nxd4 Nf6 5. Nc3 a6 6. Bd3 e5 7. Nb3 Be7 8. O-O
Be6 9. Be3 Nc6 10. a3 Rc8 11. f4 Ng4 12. Bd2 exf4 13. Bxf4 Qb6+ 14. Kh1 Nf2+ 15.
Rxf2 Qxf2 16. Nd5 Bxd5 17. exd5 Qxf4 18. dxc6 Rxc6 19. Na5 Rc7 20. Nb3 g6 21.
Qe2 O-O 22. c3 Qe5 23. Re1 Bf6 24. Qf2 Qg5 25. Nd2 d5 26. Nb3 Re7 27. Rxe7 Bxe7
28. h3 Re8 29. Nd4 Qc1+ 30. Kh2 Bd6+ 31. g3 Re3 32. Nb3 Bxg3+ 0-1

[Event "AUTO-OPEN-4566"]
[Site "http://www.queenalice.com/game.php?id=1866163"]
[Date "2025.11.25"]
[Round "3"]
[White "CHECKMATE88"]
[Black "Rafale2000"]
[Result "1-0"]
[WhiteElo "2420"]
[BlackElo "2014"]

1. e4 Nf6 2. e5 Nd5 3. d4 d6 4. c4 Nb6 5. f4 dxe5 6. fxe5 Nc6 7. Be3 Bf5 8. Nc3
e6 9. Nf3 f6 10. exf6 Qxf6 11. c5 Nd5 12. Bg5 Qg6 13. Bb5 h6 14. Bxc6+ bxc6 15.
Qa4 Ne7 16. Bxe7 Kxe7 17. O-O Bh3 18. Rf2 e5 19. Nxe5 1-0

[Event "AUTO-OPEN-4566"]
[Site "http://www.queenalice.com/game.php?id=1866164"]
[Date "2025.11.25"]
[Round "3"]
[White "Rafale2000"]
[Black "CHECKMATE88"]
[Result "0-1"]
[WhiteElo "2010"]
[BlackElo "2421"]

1. e4 c5 2. c3 Nf6 3. e5 Nd5 4. Na3 d6 5. Bb5+ Bd7 6. e6 fxe6 7. Qa4 Nc6 8. Nf3
g6 9. O-O Bg7 10. d4 cxd4 11. cxd4 Rc8 12. Be3 a6 13. Bxc6 Bxc6 14. Qb3 O-O 15.
Rac1 Rxf3 16. gxf3 Qf8 17. Kg2 Qf5 18. Rc2 Nc3 19. Rxc3 Qg4+ 0-1

[Event "AUTO-OPEN-4566"]
[Site "http://www.queenalice.com/game.php?id=1866165"]
[Date "2025.11.25"]
[Round "3"]
[White "CHECKMATE88"]
[Black "Tonto"]
[Result "1-0"]
[WhiteElo "2428"]
[BlackElo "2050"]

1. e4 e5 2. Nf3 Nc6 3. Bb5 Nf6 4. d3 Be7 5. Bxc6 bxc6 6. Nxe5 Bb7 7. O-O d6 8.
Nc4 O-O 9. Na5 Qc8 10. Nc3 d5 11. Bg5 h6 12. Bh4 dxe4 13. Re1 g5 14. Bg3 Bd6 15.
Bxd6 cxd6 16. Nxe4 Nxe4 17. dxe4 Ba6 18. Qxd6 Bb5 19. Qxh6 Qg4 20. a4 Be2 21.
Nxc6 Qxe4 22. Qxg5+ Kh7 23. Ra3 Qg6 24. Rh3+ Kg7 25. Qe5+ f6 26. Qxe2 Rae8 27.
Ne7 Qg5 28. Qd3 Rh8 29. Rg3 Qxg3 30. Qxg3+ 1-0

[Event "AUTO-OPEN-4566"]
[Site "http://www.queenalice.com/game.php?id=1866166"]
[Date "2025.11.25"]
[Round "3"]
[White "Tonto"]
[Black "CHECKMATE88"]
[Result "0-1"]
[WhiteElo "2050"]
[BlackElo "2429"]

1. e4 c5 2. d3 Nc6 3. Nf3 Nf6 4. c4 e6 5. Be2 d5 6. e5 Nd7 7. cxd5 exd5 8. d4
cxd4 9. Bf4 Qa5+ 10. Nbd2 Nc5 11. O-O d3 12. Bxd3 Nxd3 13. Nb3 Qa6 14. Be3 Be7
15. Qe2 O-O 16. Rfd1 Ndxe5 17. Qxa6 Nxf3+ 18. gxf3 bxa6 19. Rxd5 Be6 20. Rd3 Ne5
21. Rc3 Rfc8 22. Rxc8+ Rxc8 23. Kg2 Ng6 24. Bxa7 Nh4+ 25. Kg3 h5 26. Nd4 Bd5 27.
Re1 Bf6 28. Rd1 Bb7 29. Nb3 g5 30. f4 Nf5+ 0-1